00509nam a22001457a 4500020001800000040000900018082001900027100003100046245006900077260003500146650004300181942001200224999001900236952010800255 a9780071428286 cNUST a621.38104bGIl a.Phd, . Gilleo Ken9123043 aArea Array Packaging MaterialsbAdhesive, Pestes, and Lead- Free aNew York:bMcGraw-Hill,c2004. aArea Array Packaging Materials9123044 2ddccBK c609368d609368 00102ddc4070aCEMEbCEMEcGENd2024-05-29l0o621.38104 GIlpCEME- 41969r2024-05-29w2024-05-29yBK